| 000 | 00768nam a22002177a 4500 | ||
|---|---|---|---|
| 003 | BUBTL | ||
| 008 | 201117b xxu||||| |||| 00| 0 eng d | ||
| 020 | _a9788131508923 | ||
| 082 | _a332.6/ M4891v/ 2006 | ||
| 100 |
_aMello, Sheila _93842 |
||
| 245 |
_aValue Innovation Portfolio Management: Achieving Double-Digit Growth Through Customer Value / _bSheila Mello, Wayne Mackey and Ronald Lasser and Richard Tait |
||
| 250 | _a1st | ||
| 260 |
_aNew Delhi _bCengage Learning _cc2006 |
||
| 300 |
_a[xxi], 273 p . : _bill. ; 23 cm. |
||
| 500 | _aIncludes Index | ||
| 650 |
_aManagement _93843 |
||
| 700 |
_aSheila Mello, Wayne Mackey and Ronald Lasser and Richard Tait _93844 |
||
| 856 |
_k0 _l0 _yDownload |
||
| 942 |
_2ddc _cBK |
||
| 999 |
_c6428 _d6428 |
||